Normal view
MARC view
- الطب الشرعي -- جرائم -- قوانيين
Entry Topical Term
001 - CONTROL NUMBER
- control field: 31989
003 - CONTROL NUMBER IDENTIFIER
- control field: JO-AjAnu
005 - DATE AND TIME OF LATEST TRANSACTION
- control field: 20230606075400.0
008 - FIXED-LENGTH DATA ELEMENTS
- fixed length control field: 230606|| aca||aabn | a|a d
040 ## - CATALOGING SOURCE
- Original cataloging agency: JO-AjAnu
- Transcribing agency: JO-AjAnu
150 ## - HEADING--TOPICAL TERM
- Topical term or geographic name entry element: الطب الشرعي -- جرائم -- قوانيين
670 ## - SOURCE DATA FOUND
- Source citation: Work cat.: (JO-AjAnu)16428: حنا ، منير رياض , author 31988, الطب الشرعي والوسائل العلمية والبوليسية المستخدمة في الكشف عن الجرائم وتعقب الجناة